000 00627nam a22001697a 4500
003 BD-ChCU
005 20251116130635.0
008 251116b bg ||||| |||| 00| 0 ben d
040 _cBD-ChCU
082 _a335.4 SOC
100 _aAnthony J. Curring. Govt.
_916220
245 _aSocialism at work :
_bhow the Queensland Government Succeeded in profitably establishing State ventures where the needs of the people called for state competition of state monopoly.//
_cAnthony J. Cnning.
260 _aQueensland,
_bAnthony J. Cunning govt. print.
_c1918
300 _a136p
650 0 _aSocialism.
_916223
942 _2ddc
_cBK
_n0
999 _c109483
_d109483